[Event "Paracin op-A 15th"]
[Site "Paracin"]
[Date "2022.07.09"]
[Round "3"]
[White "Lever, Erwan"]
[Black "Atanasov, Margarit"]
[Result "1-0"]
[WhiteElo "2178"]
[BlackElo "2043"]
[PlyCount "87"]
[EventDate "2022.07.08"]
[EventType "swiss"]
[EventRounds "9"]
[EventCountry "SRB"]
[SourceTitle "EXT 2023"]
[Source "ChessBase"]
[SourceDate "2022.10.05"]
[SourceVersion "1"]
[SourceVersionDate "2022.10.05"]
[SourceQuality "1"]

1. d4 Nf6 2. c4 e6 3. g3 c5 4. d5 d6 5. Nc3 Be7 6. Bg2 0-0 7. e4 Re8 8. Nf3 exd5 9. cxd5 b5 10. e5 Nfd7 11. 0-0 Nb6 12. exd6 Bxd6 13. Ng5 h6 14. Nge4 Bf8 15. Nxb5 Ba6 16. a4 N8d7 17. Re1 Ne5 18. Nec3 Bb7 19. f4 a6 20. fxe5 axb5 21. d6 Bxg2 22. Kxg2 Nc4 23. Nxb5 Rxe5 24. Rxe5 Nxe5 25. Qd5 Nd7 26. Bd2 Nb6 27. Qxc5 Rc8 28. Qf5 Nc4 29. Rc1 g6 30. Qd5 Nb6 31. Rxc8 Qxc8 32. Qe4 f5 33. Qd4 Qc6+ 34. Kg1 Bg7 35. Qd3 Kh7 36. Bc3 Qc5+ 37. Kg2 Nc4 38. Bxg7 Ne3+ 39. Kf3 Ng4 40. Bd4 Qd5+ 41. Ke2 Qg2+ 42. Kd1 Qd5 43. Kc2 Nxh2 44. Qe2 1-0

[Event "Paracin op-A 15th"]
[Site "Paracin"]
[Date "2022.07.08"]
[Round "1"]
[White "Todorovic, Nenad I"]
[Black "Atanasov, Margarit"]
[Result "1-0"]
[WhiteElo "2302"]
[BlackElo "2043"]
[PlyCount "104"]
[EventDate "2022.07.08"]
[EventType "swiss"]
[EventRounds "9"]
[EventCountry "SRB"]
[SourceTitle "EXT 2023"]
[Source "ChessBase"]
[SourceDate "2022.10.05"]
[SourceVersion "1"]
[SourceVersionDate "2022.10.05"]
[SourceQuality "1"]

1. e4 c5 2. Nf3 Nc6 3. d4 cxd4 4. Nxd4 Nf6 5. Nc3 e5 6. Ndb5 d6 7. Bg5 a6 8. Na3 b5 9. Nd5 Be7 10. Bxf6 Bxf6 11. c4 b4 12. Nc2 a5 13. Qf3 Be6 14. Rd1 Bxd5 15. Rxd5 Ne7 16. Rb5 Nc6 17. Be2 0-0 18. 0-0 Rc8 19. Rd1 Nd4 20. Nxd4 exd4 21. Qb3 Re8 22. Bd3 Rc5 23. f4 Qc7 24. g3 g6 25. Rd2 Bg7 26. Qa4 Rc8 27. Rc2 Bf6 28. Kg2 Qd8 29. Kg1 Qc7 30. Kg2 Qd8 31. Re2 Qc7 32. Qd1 Rb8 33. Rc2 Kg7 34. Re2 Re8 35. Re1 Kg8 36. Qf3 Kg7 37. Rf1 Rxb5 38. cxb5 Qb7 39. Rc1 Rc8 40. Qd1 Rc5 41. Rxc5 dxc5 42. Qf3 Bd8 43. e5 Qd7 44. Qc6 Qa7 45. Kf3 a4 46. Bc4 a3 47. b3 h5 48. Ke2 h4 49. g4 h3 50. f5 gxf5 51. gxf5 Qb8 52. Qd5 Kh6 1-0

[Event "GRE-chT Online Rapid op 1st"]
[Site "Tornelo INT"]
[Date "2021.02.20"]
[Round "1.28"]
[White "Lampou, Marianta"]
[Black "Atanasov, Margarit"]
[Result "0-1"]
[WhiteElo "1184"]
[BlackElo "2059"]
[PlyCount "62"]
[EventDate "2021.02.20"]
[EventType "team-swiss (rapid)"]
[EventRounds "9"]
[EventCountry "GRE"]
[SourceTitle "EXT 2023"]
[Source "ChessBase"]
[SourceDate "2022.10.05"]
[SourceVersion "1"]
[SourceVersionDate "2022.10.05"]
[SourceQuality "1"]

1. e4 c5 2. Nf3 Nc6 3. d4 cxd4 4. Nxd4 Nf6 5. Nc3 e5 6. Nxc6 bxc6 7. Bc4 Be7 8. 0-0 0-0 9. Be3 Bb7 10. f3 d5 11. exd5 cxd5 12. Bb3 d4 13. Bxd4 Qxd4+ 14. Qxd4 exd4 15. Ne2 Bc5 16. Kh1 Rfe8 17. Rfe1 Bb4 18. c3 dxc3 19. Nxc3 Bxc3 20. bxc3 Rxe1+ 21. Rxe1 Re8 22. Rxe8+ Nxe8 23. Kg1 Kf8 24. Kf2 Ke7 25. Ke3 f6 26. Kd4 Kd6 27. c4 Nc7 28. a4 Ne6+ 29. Kc3 Kc5 30. h3 Nf4 31. Bc2 h6 0-1

[Event "Petroupoli Dias CM 4th"]
[Site "Petroupoli"]
[Date "2020.02.13"]
[Round "5"]
[White "Koukas, Anastasios"]
[Black "Atanasov, Margarit"]
[Result "0-1"]
[WhiteElo "1936"]
[BlackElo "2036"]
[PlyCount "120"]
[EventDate "2020.01.16"]
[EventType "tourn"]
[EventRounds "9"]
[EventCountry "GRE"]
[SourceTitle "EXT 2021"]
[Source "ChessBase"]
[SourceDate "2020.10.23"]
[SourceVersion "1"]
[SourceVersionDate "2020.10.23"]
[SourceQuality "1"]

1. e4 c5 2. c3 e6 3. d4 d5 4. exd5 Qxd5 5. Nf3 Nf6 6. Bd3 Be7 7. 0-0 0-0 8. Re1 Nc6 9. Na3 b6 10. Nb5 Qd8 11. Bg5 a6 12. Na3 cxd4 13. cxd4 Bb7 14. Nc4 Nb4 15. Nce5 Nxd3 16. Qxd3 h6 17. Bh4 Nd5 18. Bg3 Nb4 19. Qe2 Rc8 20. Rad1 Qd5 21. b3 b5 22. Rd2 Bg5 23. Rb2 Bc1 24. Rb1 Rc2 25. Qd1 Bg5 26. Re2 Rxa2 27. Rxa2 Nxa2 28. Qc2 Nb4 29. Qc7 Bd8 30. Qc3 Be7 31. Qc7 Bd6 32. Qb6 Bxe5 33. Bxe5 Rc8 34. Qd6 Nd3 35. b4 Nxe5 36. Qxd5 Nxf3+ 37. Qxf3 Bxf3 38. gxf3 Rc4 39. Ra1 Rxd4 40. Rxa6 Rxb4 41. Kg2 Rb2 42. Kg3 e5 43. h4 h5 44. Rb6 g6 45. Rb7 Kg7 46. Rc7 Kf6 47. Rc6+ Kf5 48. Rc8 f6 49. Rc7 Rb1 50. Rc5 Rb4 51. Rc8 Rf4 52. Rb8 b4 53. Rb7 g5 54. hxg5 h4+ 55. Kg2 Kxg5 56. Rg7+ Kf5 57. Rb7 Ke6 58. Kf1 Kd6 59. Ke2 Kc6 60. Rb8 Kc5 0-1

[Event "Petroupoli Dias CM 4th"]
[Site "Petroupoli"]
[Date "2020.02.06"]
[Round "4"]
[White "Atanasov, Margarit"]
[Black "Abelakiotis, Stavros"]
[Result "1-0"]
[WhiteElo "2036"]
[BlackElo "2037"]
[PlyCount "60"]
[EventDate "2020.01.16"]
[EventType "tourn"]
[EventRounds "9"]
[EventCountry "GRE"]
[SourceTitle "EXT 2021"]
[Source "ChessBase"]
[SourceDate "2020.10.23"]
[SourceVersion "1"]
[SourceVersionDate "2020.10.23"]
[SourceQuality "1"]

1. d4 Nf6 2. Nf3 e6 3. g3 d5 4. Bg2 b5 5. 0-0 c5 6. a4 b4 7. c4 bxc3 8. Nxc3 Nc6 9. Bg5 Bb7 10. a5 Nxa5 11. dxc5 Bxc5 12. Qa4+ Nc6 13. e4 d4 14. e5 dxc3 15. Qh4 Nxe5 16. Nxe5 Bxg2 17. Qa4+ Ke7 18. Kxg2 Qd5+ 19. Nf3 cxb2 20. Rab1 Rab8 21. Rfd1 Qb7 22. Bf4 Rbd8 23. Qc2 Ba3 24. Qa4 Bc5 25. Qc2 Ba3 26. Qa4 Bb4 27. Rxb2 Rxd1 28. Rxb4 Qd5 29. Qa3 Kd7 30. Qxa7+ Kc6 1-0

[Event "Petroupoli ASOP Dias"]
[Site "Petroupoli"]
[Date "2019.11.20"]
[Round "9"]
[White "Atanasov, Margarit"]
[Black "Ilandzis, Spyridon"]
[Result "1/2-1/2"]
[WhiteElo "2155"]
[BlackElo "2232"]
[PlyCount "30"]
[EventDate "2019.09.26"]
[EventType "tourn"]
[EventRounds "9"]
[EventCountry "GRE"]
[SourceTitle "EXT 2024"]
[Source "ChessBase"]
[SourceDate "2023.10.10"]
[SourceVersion "1"]
[SourceVersionDate "2023.10.10"]
[SourceQuality "1"]

1. c4 e5 2. Nc3 Nf6 3. g3 Bb4 4. Bg2 0-0 5. Nf3 Re8 6. 0-0 e4 7. Nd4 Nc6 8. Nc2 Bxc3 9. dxc3 h6 10. Ne3 d6 11. Qc2 a5 12. Bd2 Be6 13. Rad1 Qc8 14. Rfe1 Bh3 15. Nd5 Bxg2 1/2-1/2

[Event "Petroupoli ASOP Dias"]
[Site "Petroupoli"]
[Date "2019.11.07"]
[Round "7"]
[White "Atanasov, Margarit"]
[Black "Abelakiotis, Stavros"]
[Result "1-0"]
[WhiteElo "2000"]
[BlackElo "2030"]
[PlyCount "92"]
[EventDate "2019.09.26"]
[EventType "tourn"]
[EventRounds "9"]
[EventCountry "GRE"]
[SourceTitle "EXT 2024"]
[Source "ChessBase"]
[SourceDate "2023.10.10"]
[SourceVersion "1"]
[SourceVersionDate "2023.10.10"]
[SourceQuality "1"]

1. c4 Nf6 2. Nc3 c5 3. g3 d5 4. cxd5 Nxd5 5. Bg2 Nc7 6. Nf3 Nc6 7. 0-0 e5 8. Qa4 Bd7 9. d3 Be7 10. Qe4 f6 11. Nh4 0-0 12. Nf5 Rc8 13. h4 Re8 14. h5 Bf8 15. Qg4 Kh8 16. Qh3 Nd4 17. g4 b5 18. e3 Nxf5 19. gxf5 b4 20. Ne2 Bb5 21. Be4 Bxd3 22. Rd1 c4 23. h6 gxh6 24. Ng3 Nd5 25. Bxd3 cxd3 26. Qh4 Nb6 27. e4 Rc2 28. Bxh6 Bc5 29. Rxd3 Bxf2+ 30. Kh1 Qe7 31. Rad1 Rg8 32. Qh3 Bxg3 33. Rxg3 Rxg3 34. Qxg3 Rc7 35. Rg1 Qf7 36. Qh4 Nd7 37. Qg4 Nc5 38. Rd1 Rc8 39. Rg1 Rg8 40. Qh4 Rxg1+ 41. Kxg1 Nd7 42. b3 Nc5 43. Kf1 a5 44. Qg4 a4 45. Qd1 Nxe4 46. Qd3 Qb7 1-0

[Event "Petroupoli ASOP Dias"]
[Site "Petroupoli"]
[Date "2019.10.03"]
[Round "2"]
[White "Atanasov, Margarit"]
[Black "Gekas, Sokratis"]
[Result "0-1"]
[WhiteElo "2000"]
[BlackElo "2193"]
[PlyCount "88"]
[EventDate "2019.09.26"]
[EventType "tourn"]
[EventRounds "9"]
[EventCountry "GRE"]
[SourceTitle "EXT 2024"]
[Source "ChessBase"]
[SourceDate "2023.10.10"]
[SourceVersion "1"]
[SourceVersionDate "2023.10.10"]
[SourceQuality "1"]

1. e4 d6 2. Nf3 g6 3. Bc4 Bg7 4. d4 c6 5. a4 Nf6 6. Nc3 0-0 7. Bb3 Bg4 8. h3 Bxf3 9. Qxf3 Nbd7 10. 0-0 e5 11. d5 c5 12. Bg5 h6 13. Bh4 a6 14. Nd1 b5 15. c3 Qc7 16. g4 Nh7 17. Ne3 Bf6 18. Bg3 Qd8 19. Bc2 Bg5 20. Ng2 Nb6 21. axb5 axb5 22. Qe2 Qd7 23. Bd3 c4 24. Bc2 Rfe8 25. h4 Bf6 26. Qe3 Na4 27. Bxa4 Rxa4 28. Rxa4 bxa4 29. Qe2 Rc8 30. Ne3 Qb5 31. Ra1 Bd8 32. Qc2 Bb6 33. Nd1 Ra8 34. Kg2 Nf6 35. f3 h5 36. g5 Nd7 37. f4 exf4 38. Bxf4 Nc5 39. Nf2 Nd3 40. Nxd3 cxd3 41. Qd2 Qc4 42. Re1 a3 43. Bxd6 axb2 44. Qf4 b1Q 0-1

[Event "GRE CupT final 37th"]
[Site "Patras"]
[Date "2019.06.30"]
[Round "1.2"]
[White "Safarli, Eltaj"]
[Black "Atanasov, Margarit"]
[Result "1-0"]
[WhiteElo "2608"]
[BlackElo "2043"]
[PlyCount "63"]
[EventDate "2019.06.30"]
[EventType "team-k.o."]
[EventRounds "3"]
[EventCountry "GRE"]
[SourceTitle "CBM 191 Extra"]
[Source "ChessBase"]
[SourceDate "2019.09.30"]
[SourceVersion "1"]
[SourceVersionDate "2019.09.30"]
[SourceQuality "1"]
[WhiteTeam "Eoac Fysiolatris"]
[BlackTeam "ASOP DIas"]
[WhiteTeamCountry "GRE"]
[BlackTeamCountry "GRE"]

1. e4 c5 2. Nf3 Nc6 3. Bb5 g6 4. c3 Nf6 5. Qe2 Bg7 6. 0-0 0-0 7. Rd1 a6 8. Bxc6 bxc6 9. d4 cxd4 10. cxd4 d6 11. h3 Rb8 12. Nc3 Qb6 13. b3 a5 14. Bf4 Ba6 15. Qe3 Rfe8 16. Rac1 Rbd8 17. Bh6 Bh8 18. Re1 Nd7 19. Na4 Qb7 20. e5 Nb6 21. Nxb6 Qxb6 22. Qf4 f6 23. exd6 e6 24. h4 Bb7 25. Nd2 Qb4 26. Ne4 Qxd4 27. Rcd1 Qe5 28. Qxe5 fxe5 29. d7 Re7 30. Nc5 Ba8 31. Bg5 Kf7 32. Rd3 1-0

[Event "Petroupoli Dias CM 2nd"]
[Site "Petroupoli"]
[Date "2019.05.23"]
[Round "7"]
[White "Atanasov, Margarit"]
[Black "Stamatiou, Rodolfos"]
[Result "1-0"]
[WhiteElo "2060"]
[BlackElo "2001"]
[PlyCount "171"]
[EventDate "2019.04.04"]
[EventType "tourn"]
[EventRounds "9"]
[EventCountry "GRE"]
[SourceTitle "EXT 2020"]
[Source "ChessBase"]
[SourceDate "2019.10.17"]
[SourceVersion "1"]
[SourceVersionDate "2019.10.17"]
[SourceQuality "1"]

1. d4 Nf6 2. c4 e6 3. Nf3 Bb4+ 4. Bd2 a5 5. a3 Bxd2+ 6. Nbxd2 d6 7. g3 b6 8. Bg2 Bb7 9. 0-0 0-0 10. Qc2 Nbd7 11. e4 e5 12. d5 a4 13. b4 axb3 14. Nxb3 Ra4 15. Nbd4 Nc5 16. Nb5 Ba6 17. Nd2 Bxb5 18. cxb5 Rd4 19. f3 Qa8 20. Nc4 Qa4 21. Qxa4 Nxa4 22. Rfc1 Nc5 23. Rc3 Ra8 24. Bf1 g5 25. g4 h5 26. h3 hxg4 27. hxg4 Nfd7 28. Ne3 Nf8 29. Nf5 Rd2 30. a4 Rb2 31. Rca3 Rb3 32. Ne7+ Kg7 33. Nc6 Rxa3 34. Rxa3 Nb7 35. Bd3 Nd7 36. Bc2 Ndc5 37. Kf2 Na5 38. Nxa5 Rxa5 39. Ra1 Ra8 40. Ra3 Kf6 41. Ra1 Ke7 42. Ra3 Rh8 43. Kg1 Nd7 44. Ra1 Kd8 45. Ra3 Kc8 46. Ra1 Nf8 47. Bd3 Kb7 48. Bf1 Ng6 49. Rc1 Rh4 50. Rc2 Rh6 51. Ra2 Nf8 52. Rh2 Rf6 53. Be2 Nd7 54. Rh5 Nc5 55. Rxg5 Nxa4 56. Rf5 Rxf5 57. exf5 Nc3 58. Bd3 Kc8 59. g5 Kd8 60. Bc4 Nd1 61. Bd3 Ke7 62. f6+ Kf8 63. Kh2 Nc3 64. Bc4 Nd1 65. Kg3 Ne3 66. Bb3 Nf5+ 67. Kf2 Nd4 68. Bc4 Nc2 69. Kg3 Ne3 70. Bb3 Kg8 71. Kf2 Nf5 72. Bc2 Nd4 73. Bd3 Nb3 74. Ke3 Nc5 75. Bc2 Nd7 76. Bf5 Nc5 77. f4 exf4+ 78. Kxf4 Na4 79. Be6 Kf8 80. Kf5 Nc3 81. Bxf7 Kxf7 82. g6+ Kf8 83. Ke6 Ne4 84. g7+ Kg8 85. Kf5 c5 86. bxc6 1-0

[Event "Petroupoli Dias CM 2nd"]
[Site "Petroupoli"]
[Date "2019.04.11"]
[Round "2"]
[White "Dionysopoulos, Zacharias"]
[Black "Atanasov, Margarit"]
[Result "1-0"]
[WhiteElo "1911"]
[BlackElo "2060"]
[PlyCount "169"]
[EventDate "2019.04.04"]
[EventType "tourn"]
[EventRounds "9"]
[EventCountry "GRE"]
[SourceTitle "EXT 2020"]
[Source "ChessBase"]
[SourceDate "2019.10.17"]
[SourceVersion "1"]
[SourceVersionDate "2019.10.17"]
[SourceQuality "1"]

1. e4 c5 2. Nf3 d6 3. Bb5+ Nd7 4. 0-0 a6 5. Bd3 Ngf6 6. Re1 e6 7. c3 Be7 8. Bc2 b5 9. d4 Bb7 10. Nbd2 Qc7 11. Nf1 Rc8 12. Bd3 d5 13. e5 Ne4 14. Ng3 Nxg3 15. hxg3 h6 16. g4 Nb6 17. Qd2 Nc4 18. Qe2 g5 19. a4 bxa4 20. Rxa4 Nb6 21. Ra1 c4 22. Bc2 Kd7 23. Nh2 Rcg8 24. Nf1 h5 25. gxh5 Kc8 26. Ng3 Kb8 27. Bd2 Bc8 28. Reb1 Ka7 29. b3 f5 30. exf6 Bxf6 31. bxc4 Nxc4 32. Bd3 Be7 33. Bc1 Bd6 34. Ne4 Bh2+ 35. Kf1 Bf4 36. Bxc4 Qxc4 37. Qxc4 dxc4 38. g4 e5 39. Ba3 exd4 40. Bc5+ Ka8 41. Bxd4 Rh6 42. f3 Re8 43. Bg7 Rh7 44. h6 Re7 45. Kg2 Rhxg7 46. hxg7 Rxg7 47. Rb4 Rc7 48. Raa4 Bb7 49. Rxc4 Rh7 50. Ng3 Rf7 51. Ne2 Bb8 52. Nd4 Rh7 53. Nc6 Bd6 54. Nd8 Bd5 55. Rxa6+ Kb8 56. Rxd6 Bxc4 57. Ne6 Bxe6 58. Rxe6 Rg7 59. Rd6 Kc7 60. Rd5 Kc6 61. c4 Rg8 62. Kf2 Rg7 63. Ke3 Re7+ 64. Kd4 Rg7 65. c5 Rg8 66. Rd6+ Kc7 67. Rf6 Kd7 68. c6+ Ke7 69. Ke5 Ra8 70. Kf5 Ra5+ 71. Kg6 Rc5 72. Rf5 Rxc6+ 73. Kxg5 Rc1 74. Ra5 Kf8 75. Ra7 Rc5+ 76. Kf4 Kg8 77. Kg3 Rc3 78. g5 Rc1 79. Kg4 Rc2 80. f4 Rc1 81. f5 Rh1 82. f6 Rb1 83. Kf5 Rb8 84. Kg6 Kh8 85. Rh7+ 1-0

[Event "Thessaloniki Vardaris op 3rd"]
[Site "Thessaloniki"]
[Date "2017.02.25"]
[Round "3"]
[White "Atanasov, Margarit"]
[Black "Arsovic, Goran"]
[Result "1/2-1/2"]
[WhiteElo "2070"]
[BlackElo "2401"]
[PlyCount "70"]
[EventDate "2017.02.23"]
[EventType "swiss"]
[EventRounds "7"]
[EventCountry "GRE"]
[SourceTitle "CBM 177 Extra"]
[Source "ChessBase"]
[SourceDate "2017.04.27"]
[SourceVersion "1"]
[SourceVersionDate "2017.04.27"]
[SourceQuality "1"]

1. d4 Nf6 2. Bf4 d6 3. Nf3 Nbd7 4. e3 g6 5. Be2 Bg7 6. 0-0 Nh5 7. Bg5 h6 8. Bh4 g5 9. Nfd2 Nhf6 10. Bg3 e5 11. c4 exd4 12. exd4 Nb6 13. Nc3 0-0 14. Qc2 Be6 15. a4 a5 16. Rad1 Ne8 17. c5 Nc8 18. Nc4 d5 19. Ne5 Ne7 20. Bd3 Nc6 21. Rfe1 Nxe5 22. Bxe5 Qd7 23. Ne2 f6 24. Bg3 f5 25. Be5 f4 26. Nc3 f3 27. g3 c6 28. Re3 Bxe5 29. Rxe5 Ng7 30. Rde1 Rf6 31. R1e3 Raf8 32. Qd2 Qf7 33. Qe1 Re8 34. Nd1 Qc7 35. Bf1 Kf7 1/2-1/2

[Event "Athens ChessSquare Celebration op"]
[Site "Athens"]
[Date "2016.12.03"]
[Round "5"]
[White "Atanasov, Margarit"]
[Black "Loupos, Vasilios"]
[Result "1-0"]
[WhiteElo "2039"]
[BlackElo "1885"]
[PlyCount "113"]
[EventDate "2016.11.05"]
[EventType "swiss"]
[EventRounds "7"]
[EventCountry "GRE"]
[SourceTitle "EXT 2024"]
[Source "ChessBase"]
[SourceDate "2023.10.10"]
[SourceVersion "1"]
[SourceVersionDate "2023.10.10"]
[SourceQuality "1"]

1. Nf3 Nf6 2. d4 d6 3. Bf4 Nh5 4. Bg5 h6 5. Bc1 Nf6 6. Nc3 d5 7. Bf4 Bf5 8. e3 e6 9. Bd3 Ne4 10. Bxe4 dxe4 11. Nd2 Bb4 12. 0-0 Bxc3 13. bxc3 Nd7 14. Qb1 Nb6 15. c4 0-0 16. a4 g5 17. Bg3 h5 18. a5 Nd7 19. Qxb7 Rc8 20. f3 h4 21. fxe4 hxg3 22. exf5 gxh2+ 23. Kh1 c6 24. fxe6 Rc7 25. e7 Rxb7 26. exd8Q Rxd8 27. Rf5 f6 28. Ne4 Kg7 29. Kxh2 Rh8+ 30. Kg3 Rb2 31. Rf2 Rh4 32. Nd6 Kg6 33. Nf5 Rh7 34. c5 Rb8 35. Nd6 Rh4 36. Ra3 Rb1 37. Rb3 Re1 38. Nc8 Kh5 39. Rd2 f5 40. Nd6 Nf6 41. e4 f4+ 42. Kf2 Ra1 43. e5 Ng4+ 44. Ke2 Kg6 45. e6 Rh2 46. Kd3 Nf6 47. Rb7 Rxa5 48. e7 Ra3+ 49. Rb3 Rxb3+ 50. cxb3 Rh8 51. Re2 Ne8 52. Re6+ Kh5 53. d5 cxd5 54. Nxe8 Rxe8 55. c6 g4 56. c7 f3 57. gxf3 1-0

[Event "Ambelokipi op 160th"]
[Site "Athens"]
[Date "2016.10.19"]
[Round "6"]
[White "Atanasov, Margarit"]
[Black "Kofidis, Andreas"]
[Result "0-1"]
[WhiteElo "2011"]
[BlackElo "2411"]
[PlyCount "52"]
[EventDate "2016.09.14"]
[EventType "swiss"]
[EventRounds "7"]
[EventCountry "GRE"]
[SourceTitle "EXT 2024"]
[Source "ChessBase"]
[SourceDate "2023.10.10"]
[SourceVersion "1"]
[SourceVersionDate "2023.10.10"]
[SourceQuality "1"]

1. Nf3 Nf6 2. d4 g6 3. Bf4 d6 4. h3 Bg7 5. e3 0-0 6. Be2 Nc6 7. 0-0 a6 8. c4 Ne4 9. Nbd2 Nxd2 10. Qxd2 e5 11. Bg3 e4 12. Ne1 Bf5 13. b4 Qd7 14. Nc2 h5 15. Rfd1 Bf6 16. b5 Ne7 17. bxa6 Rxa6 18. c5 Ra7 19. cxd6 cxd6 20. Qb4 Rc8 21. Bb5 Qd8 22. Rdc1 Nd5 23. Qb2 h4 24. Bh2 Qb6 25. Rcb1 Nc3 26. Rf1 Qxb5 0-1

[Event "Kavala op 25th"]
[Site "Kavala"]
[Date "2016.07.31"]
[Round "3"]
[White "Atanasov, Margarit"]
[Black "Theodorou, Nikolas"]
[Result "1/2-1/2"]
[WhiteElo "1960"]
[BlackElo "2450"]
[PlyCount "98"]
[EventDate "2016.07.30"]
[EventType "swiss"]
[EventRounds "9"]
[EventCountry "GRE"]
[SourceTitle "CBM 173 Extra"]
[Source "ChessBase"]
[SourceDate "2016.08.29"]
[SourceVersion "1"]
[SourceVersionDate "2016.08.29"]
[SourceQuality "1"]

1. Nf3 Nf6 2. d4 d6 3. Bf4 Nh5 4. Bg5 h6 5. Bc1 Nf6 6. Nc3 Bf5 7. e3 Nbd7 8. Bd3 Bxd3 9. Qxd3 c6 10. a4 e5 11. 0-0 Be7 12. b3 0-0 13. Ba3 Re8 14. Nd2 d5 15. Bxe7 Qxe7 16. Ne2 c5 17. c3 Rac8 18. b4 cxb4 19. cxb4 Qxb4 20. Rfb1 Qa5 21. Rb5 Qc7 22. Rc1 Qb8 23. Rcb1 b6 24. Qb3 Qd6 25. dxe5 Nxe5 26. h3 Nc4 27. Nxc4 dxc4 28. Qa2 Ne4 29. a5 c3 30. Qc2 Nd2 31. Rc1 Re5 32. Rxe5 Qxe5 33. axb6 axb6 34. Qd3 Ne4 35. f3 Ng3 36. Nd4 h5 37. Kf2 h4 38. Rxc3 Rd8 39. Qc2 Re8 40. Qc1 Kh7 41. Rc7 f5 42. f4 Qd5 43. Nf3 Ne4+ 44. Kg1 Qd3 45. Ne5 Qe2 46. Rxg7+ Kxg7 47. Qc7+ Kh8 48. Nf7+ Kg8 49. Nh6+ Kh8 1/2-1/2

[Event "Stara Zagora Beroe op 1st"]
[Site "Stara Zagora"]
[Date "2015.12.19"]
[Round "1"]
[White "Atanasov, Margarit"]
[Black "Valchinov, Martin"]
[Result "1-0"]
[WhiteElo "1991"]
[BlackElo "1444"]
[PlyCount "121"]
[EventDate "2015.12.19"]
[EventType "swiss"]
[EventRounds "6"]
[EventCountry "BUL"]
[SourceTitle "EXT 2017"]
[Source "ChessBase"]
[SourceDate "2016.10.25"]
[SourceVersion "1"]
[SourceVersionDate "2016.10.25"]
[SourceQuality "1"]

1. e4 c6 2. d4 d5 3. Nc3 dxe4 4. Nxe4 Bf5 5. Ng3 Bg6 6. Nf3 Nf6 7. Ne5 Nbd7 8. Nxg6 hxg6 9. Be2 e6 10. 0-0 Bd6 11. c4 c5 12. Bf3 Qb6 13. d5 0-0-0 14. dxe6 fxe6 15. Qe2 Ne5 16. Be3 Qc7 17. b4 b6 18. a4 Nxf3+ 19. Qxf3 cxb4 20. a5 Qb7 21. Qe2 Bc7 22. axb6 Bxb6 23. c5 Bc7 24. c6 Qxc6 25. Rfc1 Qd6 26. Rxa7 Nd5 27. Qb5 Nc3 28. Ra8+ Bb8 29. h3 Rd7 30. Ra6 Qd5 31. Qxb4 Be5 32. Rxc3+ Bxc3 33. Qxc3+ Kb8 34. Rb6+ Ka8 35. Qa3+ Ra7 36. Rb8+ Kxb8 37. Qxa7+ Kc8 38. Qxg7 Rd8 39. Qxg6 Qe5 40. Qc2+ Kb8 41. Qb3+ Kc8 42. Qc4+ Kb7 43. Qe4+ Qxe4 44. Nxe4 Kc6 45. g4 Kd5 46. Ng3 Rg8 47. f3 e5 48. Kg2 Kc4 49. h4 Kd3 50. Bf2 Kc4 51. h5 Kd5 52. Ne4 Ke6 53. Kg3 Kf7 54. g5 Ke6 55. Kg4 Rf8 56. Be3 Rg8 57. h6 Rf8 58. g6 Rg8 59. Kg5 Rf8 60. g7 Rxf3 61. g8Q+ 1-0

[Event "BUL-chT2 64th"]
[Site "Sunny Beach"]
[Date "2015.06.06"]
[Round "7.4"]
[White "Enchev, Evgeni"]
[Black "Atanasov, Margarit"]
[Result "1/2-1/2"]
[WhiteElo "2027"]
[BlackElo "1926"]
[PlyCount "62"]
[EventDate "2015.05.31"]
[EventType "team-swiss"]
[EventRounds "7"]
[EventCountry "BUL"]
[SourceTitle "CBM 166 Extra"]
[Source "ChessBase"]
[SourceDate "2015.06.18"]
[SourceVersion "1"]
[SourceVersionDate "2015.06.18"]
[SourceQuality "1"]
[WhiteTeam "Kazanlak Alehin"]
[BlackTeam "Stara Zagora Trayana"]
[WhiteTeamCountry "BUL"]
[BlackTeamCountry "BUL"]

1. d4 d5 2. c4 c6 3. Nc3 Nf6 4. Nf3 e6 5. cxd5 exd5 6. Bg5 Be7 7. Qc2 0-0 8. e3 Re8 9. Bd3 Nbd7 10. 0-0 Nf8 11. h3 Ne4 12. Bxe4 Bxg5 13. Bd3 Bf6 14. Rad1 g6 15. e4 dxe4 16. Nxe4 Bg7 17. Rfe1 Bf5 18. Nc5 Bxd3 19. Qxd3 b6 20. Rxe8 Qxe8 21. Re1 Qd8 22. Ne4 h6 23. b3 Qd7 24. Qe3 Qe7 25. Ne5 Bxe5 26. dxe5 Kg7 27. Nf6 Nh7 28. Nxh7 Kxh7 29. e6 fxe6 30. Qxe6 Qxe6 31. Rxe6 c5 1/2-1/2

[Event "BUL-chT2 64th"]
[Site "Sunny Beach"]
[Date "2015.06.02"]
[Round "3.4"]
[White "Atanasov, Margarit"]
[Black "Andreev, Sasho"]
[Result "1/2-1/2"]
[WhiteElo "1926"]
[BlackElo "2179"]
[PlyCount "68"]
[EventDate "2015.05.31"]
[EventType "team-swiss"]
[EventRounds "7"]
[EventCountry "BUL"]
[SourceTitle "CBM 166 Extra"]
[Source "ChessBase"]
[SourceDate "2015.06.18"]
[SourceVersion "1"]
[SourceVersionDate "2015.06.18"]
[SourceQuality "1"]
[WhiteTeam "Stara Zagora Trayana"]
[BlackTeam "Blagoevgrad Victory"]
[WhiteTeamCountry "BUL"]
[BlackTeamCountry "BUL"]

1. d4 Nf6 2. Nf3 e6 3. g3 b6 4. Bg2 Bb7 5. 0-0 Be7 6. c4 0-0 7. Nc3 Ne4 8. Qc2 Nxc3 9. bxc3 f5 10. Rd1 Be4 11. Qa4 Qc8 12. Ne1 Bxg2 13. Nxg2 Qa6 14. Qxa6 Nxa6 15. h4 Kf7 16. Bf4 g6 17. f3 d6 18. Rab1 Nb8 19. Ne3 Nd7 20. Kg2 Rh8 21. Nc2 Bf6 22. Na3 a6 23. c5 Rac8 24. Nc4 bxc5 25. Rb7 Ke7 26. Na5 Rhe8 27. Nc6+ Kf8 28. a4 Kg8 29. a5 cxd4 30. cxd4 e5 31. dxe5 Nxe5 32. Bxe5 Bxe5 33. e3 Bc3 34. Kf2 Re6 1/2-1/2

[Event "BUL-chT2 64th"]
[Site "Sunny Beach"]
[Date "2015.06.01"]
[Round "2.4"]
[White "Atanasov, Margarit"]
[Black "Yordanov, Nikolay Plamenov"]
[Result "1/2-1/2"]
[WhiteElo "1926"]
[BlackElo "2296"]
[PlyCount "84"]
[EventDate "2015.05.31"]
[EventType "team-swiss"]
[EventRounds "7"]
[EventCountry "BUL"]
[SourceTitle "CBM 166 Extra"]
[Source "ChessBase"]
[SourceDate "2015.06.18"]
[SourceVersion "1"]
[SourceVersionDate "2015.06.18"]
[SourceQuality "1"]
[WhiteTeam "Stara Zagora Trayana"]
[BlackTeam "Pleven Spartak XXI"]
[WhiteTeamCountry "BUL"]
[BlackTeamCountry "BUL"]

1. e4 c5 2. Nf3 Nc6 3. d4 cxd4 4. Nxd4 Nf6 5. Nc3 e5 6. Ndb5 d6 7. Bg5 a6 8. Na3 b5 9. Nd5 Be7 10. Bxf6 Bxf6 11. c3 Bg5 12. Nc2 Ne7 13. a4 bxa4 14. Rxa4 0-0 15. Bc4 a5 16. 0-0 Bd7 17. Ra3 Kh8 18. Nce3 Nxd5 19. Bxd5 Rb8 20. Nc4 Bb5 21. Nxa5 Bxf1 22. Nc6 Qb6 23. Nxb8 Bb5 24. c4 Rxb8 25. cxb5 Qxb5 26. Rb3 Qe8 27. Bxf7 Qf8 28. Rxb8 Qxb8 29. Qa4 Bd2 30. Kf1 Bb4 31. Ke2 Bc5 32. Qe8+ Qxe8 33. Bxe8 Kg8 34. f3 Kf8 35. Ba4 Ke7 36. Kd3 Bg1 37. h3 h5 38. Kc4 Kd8 39. Kd5 Kc7 40. Be8 h4 41. Ke6 g5 42. b4 Bf2 1/2-1/2